| 000 | 00427nam a2200181Ia 4500 | ||
|---|---|---|---|
| 001 | 1063 | ||
| 005 | 20260306140604.0 | ||
| 008 | 260306t1997||||xx |||||||||||||| ||spa|| | ||
| 041 | _aESP | ||
| 082 |
_a180 _bM26 1997 |
||
| 100 |
_aMarías, Julián _eAUT |
||
| 245 | 0 | _aHistoria de la filosofía | |
| 260 | _c1997 | ||
| 300 |
_axxxviii, 515 páginas : _c23 cm |
||
| 650 | _aGEN | ||
| 654 | _aCHU | ||
| 942 |
_cLIB _dJUS _fJUS _2ddc _n |
||
| 999 |
_c1063 _d1063 |
||